=LDR 00000nam 2200000 4500 =001 NUTBA000000000001541 =005 20200511080557 =035 ##$$a 0010-051400000000006 =008 200511################g##########0#ind## =020 ##$$a 978-979-17768-2-0 =082 ##$$a 2x4.12 =100 ##$$a Nakhrawie,Asrifin An =245 1#$$a khilafiyah dalam shalat /$c Asrifin An Nahkrawie S.Ag =260 ##$$a surabaya :$b Ikhtiar,$c 2009 =300 ##$$a 158 hlm ; $c 20 cm =084 ##$$a 2x4.12 Nak k =990 ##$$a 21001629 =990 ##$$a 21001631 =990 ##$$a 21001632 =990 ##$$a 21001630